Effects of the Pandemic on Employees' Wages in the Slovak Republic

Vývoj a zmeny na trhu práce z hľadiska mzdy zamestnancov. Analýza ukazovateľov miezd zamestnancov na Slovensku a ich medziročný vývoj. Zmeny tempa rastu miezd a výrazné spomalenie rozvoja slovenskej ekonomiky vplyvom pandémie Covid-19. Najvýznamnejšie dopady pandémie z hľadiska sektorov národného ho...

Description complète

Enregistré dans:
Détails bibliographiques
Auteur principal: Hrnčiar, Michal, 1994-
Format: Chapitre de livre
Langue:anglais
Sujets:
Tags: Ajouter un tag
Pas de tags, Soyez le premier à ajouter un tag!

MARC

LEADER 00000naa$a2200000$$$4500
001 0283858
005 20240502074410.1
041 0 |a eng 
044 |a SK 
245 1 0 |a Effects of the Pandemic on Employees' Wages in the Slovak Republic  |c Michal Hrnčiar 
520 |a Vývoj a zmeny na trhu práce z hľadiska mzdy zamestnancov. Analýza ukazovateľov miezd zamestnancov na Slovensku a ich medziročný vývoj. Zmeny tempa rastu miezd a výrazné spomalenie rozvoja slovenskej ekonomiky vplyvom pandémie Covid-19. Najvýznamnejšie dopady pandémie z hľadiska sektorov národného hospodárstva. 
610 2 0 |a trh práce 
610 2 0 |a mzdy 
610 2 0 |a zamestnanci 
610 2 0 |a pandémia 
610 2 0 |a koronavírus 
610 2 0 |a Slovensko 
100 1 |a Hrnčiar, Michal, 1994-